| 000 | 01037cam a2200241 4500 | ||
|---|---|---|---|
| 001 | ABS68174 | ||
| 008 | 040901n2004 000 0 eng u | ||
| 035 | _a(Sirsi) u127237 | ||
| 100 | _aMcCulloch, C. | ||
| 245 | 2 | _aA rare site | |
| 260 | _c2004 | ||
| 490 |
_aBuilding _v269(8343) 30 July 2004, 46-47(2) |
||
| 520 | _aDiscusses the committment by the Major Contractors Group (MCG) to get a qualified workforce on all sites where an MCG member is the principal contractor. A construction skills card is the aim, and to obtain it an NVQ is required. 26 000 workers have been through on site training and the number of Construction Skills Certifaction Scheme card holders has reached 600 000 with 20 000 applications arriving each month. | ||
| 590 | _aABS | ||
| 590 | _aABS | ||
| 650 | _aMAJOR CONTRACTORS GROUP | ||
| 650 | _aCONSTRUCTION SKILLS CERTIFICATION SCHEME | ||
| 650 | _aSITE-BASED TRAINING | ||
| 650 | _aTRAINING SCHEMES | ||
| 650 | _aTRAINING NEEDS | ||
| 690 | _aTRAINING AND CAREER DEVELOPMENT | ||
| 942 | _n0 | ||
| 999 |
_c117935 _d117935 |
||